00511nam a2200169 a 450000100060000000300090000600800410001502000150005604000280007108200160009910000230011524501080013826000470024630000110029365000130030465000240031717910CO-ViMGA141112s2004 ck r 000 u spa d a843421850X aCO-ViMGAbspacCO-ViMGA04a738.14 C3711 aChavarria, Joaquin10aLa Cerámica : bLa tecnica y el arte de la cerámica explicados de la manera más amena y atractiva aBarcelona (España), cParramón, c1997 a192.p.14aCERAMICA14aCERAMICA - TECNICAS